Trade in transition : exports from the Third World, 1840-1900 /

Bibliographic Details
Main Author: Hanson, John R.
Format: Book
Language:English
Published: New York, N.Y. : Academic Press, [1980]
Series:Studies in social discontinuity.
Subjects:

MARC

Tag First Indicator Second Indicator Subfields
LEADER 00000pam a2200000 a 4500
001 in00000075546
005 20151008053638.0
008 800328s1980 nyu b 00110 engm
010 |a  79006776  
020 |a 0123234506 
035 |a (OCoLC)06223458 
035 |9 AAH8141AM 
040 |a DLC  |c DLC  |d m.c.  |d TXA  |d UtOrBLW 
049 |a TXAM  |c [932592] 
050 0 0 |a HF1413  |b .H32 
082 0 |a 382/.6/091724 
100 1 |a Hanson, John R. 
245 1 0 |a Trade in transition :  |b exports from the Third World, 1840-1900 /  |c John R. Hanson II. 
264 1 |a New York, N.Y. :  |b Academic Press,  |c [1980] 
264 4 |c ©1980 
300 |a xii, 197 pages ;  |c 24 cm. 
336 |a text  |b txt  |2 rdacontent 
337 |a unmediated  |b n  |2 rdamedia 
338 |a volume  |b nc  |2 rdacarrier 
490 1 |a Studies in social discontinuity 
500 |a Includes index. 
504 |a Bibliography: pages 183-187. 
651 0 |a Developing countries  |x Commerce  |x History. 
830 0 |a Studies in social discontinuity. 
999 |a MARS 
999 f f |s 65b28f51-bb19-35a9-9c5e-942051853d3c  |i b7fac889-8c11-3914-bb56-ab8977bc0bae  |t 0 
952 f f |p ric  |a Texas A&M University  |b Rellis Campus  |c Joint Library Facility  |d Remote Storage  |t 0  |e HF1413 .H32  |h Library of Congress classification  |i unmediated -- volume  |m A14806133620 
998 f f |a HF1413 .H32  |t 0  |l Remote Storage